1907 1919 1107 1889 1839 1865 1465 1522 1326 1462 1454 1475 1947 1661 1426 1158 1843 1487 1317 1893 1704 1564 1490 1479 1931 1888 1885 1669 1600 1394 1815 1358 1630 1608 1222 1102 1257 1094 1754 1564 1514 1068 1815 1229 1067 1440 1177 1538 1644 1754 1646 1792 1523 1652 1459 1961 1668 1372 1768 1897 1225 1716 1134 1209 1400 1645 1819 1950 1323 1618 1818 1756 1609 1968 1729 1211 1199 1357 1180 1113 1528 1627 1195 1688 1178 1301 1886 1481 1184 1871 1311 1868 1008 1846 1790 1770 1718 1664 1974 BCNSPRNW ULIB Ver.6.0+V

เปลี่ยนเป็นภาษาไทย

Change to English
 แสดงรายละเอียดบรรณานุกรม
  กลับหน้าหลัก

Brief Record : Get Marc (ISO 2709) : E-mail record : QR code < ปิดหน้าต่าง
LEADER : 00000nam 2200000uu 4500
001    13399120772
003     ULIB
008    020711sมปป. th a 000 0 tha d
020    9749462211
090    นว.^bร111ร
100    รวมนักขียน
245    รักเท่าที่เห็นและเป็นอยู่/^cรวมนักขียน
260     ^bม.ป.ท.,^cม.ป.ป.
945    ^p0^l0^i24563
999    ^aทศพร เกษรทอง
รายการนี้ยังไม่มีแท็ก
คุณยังไม่ได้ล็อกอิน คุณสามารถมีกิจกรรมร่วมกับเว็บไซต์ได้ แต่ต้องล็อกอินก่อน ::
  ล็อกอิน

รายการสื่อสารสนเทศ

ลำดับที่ ประเภท เลขเรียก/บาร์โค้ด สถานที่ สถานะ
1. นวนิยาย
นวนิยาย
นว. ร111ร  
  Barcode: 24563
ห้องสมุดวิทยาเขตสวรรค์ประชารักษ์
►หนังสือทั่วไป
บนชั้น

BibComment


ยังไม่เคยถูกคอมเมนท์

คอมเมนท์ทรัพยากรรายการนี้
  คอมเมนท์: รักเท่าที่เห็นและ..


 Copyright 2026. Bcnsprnw @Library